00561nam a2200193Ia 450000500170000000800410001708200130005810000260007124500280009726000350012530000130016065000160017365000160018965000190020565000230022494200060024795200990025399900150035220250401044003.0240331s9999 xx 000 0 und d bVENa894 aVenkadasalapathy, A.R 0aV.U.C.Yum Bharathiyum : aChennaibMakkal Veliyiduc1994 a160 p ., akadduraikal akavithaikal amathippuraikal akaruththuppadangal cL 001040708LaWERCLbWERCLcSSCd2024-03-31l0o 894.811 VENp5021r2024-03-31w2024-03-31yL c4191d4191